000 00835nam a2200217 a 4500
001 BRCA_1318
005 20190320203355.0
008 960923s1995 mx-a---##c---#000-0#spa-#
020 _a9682952166
040 _aDLC
_cDLC
_dDLC
050 4 _aF1232
_b.P75 1995
245 1 0 _aEl primer liberalismo mexicano
_b1808-1855
_c[textos, Josefina Vázquez, Antonio Annino].
260 _aMéxico
_bMuseo Nacional de Historia : Miguel Ángel Porrúa
_c1995
300 _a91 p.
_bil. a color
_c22 cm.
500 _aCatálogo de la exposición realizada en el Museo Nacional de Historia (Ciudad de México), octubre, 1995
650 1 4 _aLiberalismo
_xHistoria
_ySiglo XIX
_zMéxico
_94312
651 4 _aMéxico
_xPolítica y gobierno
_ySiglo XIX
_94313
700 1 _aVázquez, Josefina Zoraida
_94314
700 1 _aAnnino, Antonio
_94315
942 _2lcc
_cB
999 _c1182
_d1182